书目信息 |
| 题名: |
老北京的穿戴
|
|
| 作者: | 常人春 著 | |
| 分册: | ||
| 出版信息: | 北京 北京燕山出版社 2007.06 |
|
| 页数: | 192页 | |
| 开本: | 26cm | |
| 丛书名: | 老北京丛书 | |
| 单 册: | ||
| 中图分类: | K892.23 | |
| 科图分类: | ||
| 主题词: | 风俗习惯 | |
| 电子资源: | ||
| ISBN: | 978-7-5402-1214-8 | |
| 000 | 00659nam0 2200241 450 | |
| 001 | 0774213019 | |
| 005 | 20080103093429.72 | |
| 010 | @a978-7-5402-1214-8@dCNY55.00 | |
| 100 | @a20071116d2007 km y0chiy0120 ea | |
| 101 | 0 | @achi |
| 102 | @aCN@b110000 | |
| 200 | 1 | @a老北京的穿戴@Alao bei jing de chuan dai@f常人春著@Fchang ren chun zhu |
| 205 | @a2版 | |
| 210 | @a北京@c北京燕山出版社@d2007.06 | |
| 215 | @a192页@d26cm | |
| 225 | 2 | @a老北京丛书 |
| 410 | 0 | @12001 @a老北京丛书 |
| 606 | 0 | @a风俗习惯 |
| 690 | @aK892.23@v4 | |
| 701 | 0 | @a常人春@Achang ren chun@4著 |
| 801 | 0 | @aCN@bNISOFT@c20080103 |
| 905 | @aBZT@dK892.23@e2 | |
| 906 | @dCNY55.00@n0@r1 | |
| 老北京的穿戴/常人春著.-2版.-北京:北京燕山出版社,2007.06 |
| 192页;26cm.-(老北京丛书) |
| ISBN 978-7-5402-1214-8:CNY55.00 |
| ● |
| 相关链接 |
|
|
|
正题名:老北京的穿戴
索取号:K892.23/2
 
预约/预借
| 序号 | 登录号 | 条形码 | 馆藏地/架位号 | 状态 | 备注 |
| 1 | 623295 | 2000623295 | 中心书库南/015架A面5层4列/ [索取号:K892.23/2] | 在馆 | |
| 2 | 623296 | 2000623296 | 中心书库南/015架A面5层4列/ [索取号:K892.23/2] | 在馆 | |
| 3 | 623297 | 2000623297 | 中心书库南/015架A面5层4列/ [索取号:K892.23/2] | 在馆 | |
| 4 | 623298 | 2000623298 | 中心书库南/015架A面5层4列/ [索取号:K892.23/2] | 在馆 | |
| 5 | 623299 | 2000623299 | 中心书库南/015架A面5层4列/ [索取号:K892.23/2] | 在馆 | |
| 6 | 623300 | 2000623300 | 中心书库南/015架A面5层4列/ [索取号:K892.23/2] | 在馆 | |
| 7 | 623301 | 2000623301 | 中心书库南/015架A面5层4列/ [索取号:K892.23/2] | 在馆 | |
| 8 | 623302 | 2000623302 | 中心书库南/015架A面5层4列/ [索取号:K892.23/2] | 在馆 | |
| 9 | 623303 | 2000623303 | 中心书库南/015架A面5层4列/ [索取号:K892.23/2] | 在馆 | |
| 10 | 623304 | 2000623304 | 中心书库南/015架A面5层4列/ [索取号:K892.23/2] | 在馆 |